| 000 | 01682nam a2200445 c 4500 | ||
|---|---|---|---|
| 001 | 22188 | ||
| 003 | ES-MaCES | ||
| 005 | 20141221122754.0 | ||
| 008 | 090701s2009 sp t o000 | spa d | ||
| 017 |
_aM 20202-2009 _bDL |
||
| 020 | _a9788484173281 | ||
| 024 | 7 |
_a201-09-116-7 _2nipo |
|
| 035 | _aCES20090006141m | ||
| 040 |
_aES-MaCES _bspa _cES-MaCES |
||
| 100 | 1 |
_aGala Vallejo, César _912581 |
|
| 245 | 1 | 3 |
_aLa protección social del trabajador autónomo _b: mayo 2009 _cCésar Gala Vallejo |
| 250 | _a1ª ed | ||
| 260 |
_aMadrid _bMinisterio de Trabajo e Inmigración, Subdirección General de Información Administrativa y Publicaciones _c2009 |
||
| 300 |
_a342 p. _c18 cm |
||
| 490 | 1 |
_aColección Textos legales. Serie Seguridad Social _v84 |
|
| 500 | _aÍndices | ||
| 541 | _cGratuito | ||
| 610 | 1 | 4 |
_aEspaña _tLey del Estatuto del trabajo autónomo _d2007 _92956 |
| 650 | 4 |
_aprotección social _929076 |
|
| 650 | 4 |
_aseguridad social _927034 |
|
| 650 | 4 |
_atrabajador independiente _928412 |
|
| 650 | 4 |
_atrabajo a cuenta propia _930170 |
|
| 650 | 4 |
_aregímenes especiales de Seguridad Social _931067 |
|
| 650 | 4 |
_arégimen especial agrario _931017 |
|
| 650 | 4 |
_aEspaña _926964 |
|
| 650 | 4 |
_alegislación de seguridad social _929855 |
|
| 650 | 4 |
_acampo de aplicación _930263 |
|
| 650 | 4 |
_arégimen jurídico _929894 |
|
| 653 | 1 | 0 | _aSeguridad Social |
| 710 | 2 |
_aEspaña _bMinisterio de Trabajo e Inmigración _eed. _93272 |
|
| 830 | 0 |
_aColección Textos legales (España. Ministerio de Trabajo e Inmigración) _pSerie Seguridad Social _v84 _934445 |
|
| 902 | _aLIB Libro | ||
| 942 |
_2CES _cBK _h3.0. |
||
| 999 |
_c22188 _d22188 |
||